000 00513nam a22001817a 4500
005 20250317163459.0
008 250317b |||||||| |||| 00| 0 eng d
020 _a9780099505693
050 _aHM1033
_b.H43 HEA
100 _aHeath Chip
245 _aMade to Stick:
_bWhy some ideas take hold and others come unstruck/
_cChip Heath & Dan Heath
260 _aLondon
_bArrow Books
_c2007
300 _a323p.
_c14 cm
500 _aIncludes Index
650 _2Sociology
700 _aHeath Dan
942 _2lcc
_cBK
_n0
999 _c4890
_d4890